Statistics for Geography starting with K

Click here to take the quiz!

General Stats

  • This quiz has been taken 28 times
  • The average score is 6 of 10

Answer Stats

LettersClueAnswer% Correct
4Ukraines capitalKiev
100%
5African country whose named after mountainKenya
89%
8Oceanic countryKiribati
85%
11Capital of MalaysiaKuala Lumpur
85%
10Bihkeks countryKyrgyzstan
67%
7Idi Amins capitalKampala
56%
9Capital of landlocked Asian countryKathmandu
52%
6Third largest Japanese islandKyushu
48%
12Capital city of Sabah ,MalaysiaKota Kinabalu
7%
13Worlds third highest mountainKangchenjunga
4%

Score Distribution

Percentile by Number Answered

Percent of People with Each Score

Your Score History

You have not taken this quiz